Caracterización histórico social de la provincia de Limón

Đã lưu trong:
Chi tiết về thư mục
Tác giả chính: Sobrado Cháves, Miguel Angel
Định dạng: Texto
Được phát hành: Heredia: UNA. Facultad de Ciencias Sociales
Các nhãn: Thêm thẻ
Không có thẻ, Là người đầu tiên thẻ bản ghi này!

MARC

LEADER 00000 a a2200000 04500
001 16643
003
040
090 |a 011800  
100 |a Sobrado Cháves, Miguel Angel  
245 |a Caracterización histórico social de la provincia de Limón  
260 |a Heredia:   |b UNA. Facultad de Ciencias Sociales  
300 |a 30 p.  
999 |c 15762  |d 15762